000 00616cam a2200205 a 4500
001 000000933
005 20200929145439.0
008 820322s1957 sp a 000 0 spa
040 _aDO-SdBNP
_bspa
_cBNPHU
082 _a070.44
_bD568d
100 1 _aDiez de Andino, Juan,
_d1889-
_93291
245 1 0 _aDesmenuzando hechos /
_cJuan Diez de Andino.
260 _aBarcelona :
_bRumbos,
_c[1957].
300 _a315 p. :
_bil. ;
_c21 cm.
500 _aIncluye notas biográficas del autor
650 4 _aArtículos de prensa
_943
650 4 _aPeriodismo
_929
650 4 _aPrensa
_93292
910 _aCatalogación por copia/LC
999 _c924
_d924